Walking with the King / (Record no. 3856)

MARC details
000 -LEADER
fixed length control field 00468nam a22001697a 4500
003 - CONTROL NUMBER IDENTIFIER
control field GBCCL
005 - DATE AND TIME OF LATEST TRANSACTION
control field 20241126110505.0
008 - FIXED-LENGTH DATA ELEMENTS--GENERAL INFORMATION
fixed length control field 171214b xxu||||| |||| 00| 0 eng d
020 ## - INTERNATIONAL STANDARD BOOK NUMBER
International Standard Book Number 090384365X
040 ## - CATALOGING SOURCE
Transcribing agency gbc
082 ## - DEWEY DECIMAL CLASSIFICATION NUMBER
Classification number 220.61
Item number WAL
245 ## - TITLE STATEMENT
Title Walking with the King /
Statement of responsibility, etc. Edited by David Porter
260 ## - PUBLICATION, DISTRIBUTION, ETC.
Place of publication, distribution, etc. Keswick Convention Council,
Name of publisher, distributor, etc. Kent:
Date of publication, distribution, etc. 1982
300 ## - PHYSICAL DESCRIPTION
Extent 255 p.;
Dimensions 18 cm.
650 ## - SUBJECT ADDED ENTRY--TOPICAL TERM
Topical term or geographic name entry element Keswick movement -- Congresses.
Form subdivision Bible.
9 (RLIN) 9892
942 ## - ADDED ENTRY ELEMENTS (KOHA)
Source of classification or shelving scheme Dewey Decimal Classification
Koha item type Books
Holdings
Withdrawn status Lost status Source of classification or shelving scheme Damaged status Not for loan Home library Current Library Shelving location Date acquired Total checkouts Full call number Barcode Date last seen Copy number Price effective from Koha item type
    Dewey Decimal Classification     GRACE BIBLE COLLEGE GRACE BIBLE COLLEGE Biblical Studies 2017-12-14   220.61 WAL 005556 2025-05-01 c.1 2017-12-14 Books
© Grace Bible College Library 2025